000
00375nam a22001577a 4500
003
MPLRDC
005
20220104143758.0
008
210129b ||||| |||| 00| 0 eng d
082
_a
848.1 ZZQ-16
100
_a
朱自清 著
245
_a
朱自清散文选
_c
260
_a
_b
香港大通书局
_c
300
_b
平
650
_a
现代别集
942
_c
BK
_o
848.1 ZZQ-16
999
_c
43248
_d
43238